000 00355nam a2200157Ia 4500
003 Ost
005 20260225132600.0
008 260225s9999||||xx |||||||||||||| ||und||
040 _cfsic
041 _afre
082 _a305.892
100 _aGILLES PERRAULT
_eAuteur
245 0 _aTUNISIE LE LIVRE NOIR /
245 0 _cGILLES PERRAULT
942 _cكتاب
999 _c34692
_d34692